000 00763nam a2200253Ia 4500
003 OSt
005 20220926025546.0
006 a|||||r|||| 00| 0
007 ta
008 220923b |||||||| |||| 00| 0 eng d
037 _cGeneral Book
040 _aRTL
_cRTL
_beng
041 _2eng
_aeng
082 _aX:8F, K9;M0
100 _aHartley W C F
_9278162
245 0 _aIntroduction to business accounting for managers
250 _a3ed
260 _aOxford
_bPergamon press
_c1980
300 _a221p. Appendix p 184-216
_ccm.
500 _aPergamon international library of science technology, engineering and social studies
650 _aBudgeting
942 _hX:8F, K9;M0
_cGB
_2CC
999 _c647378
_d647378